Individuaľnyje teplici v sovremennom žilišče /

Gespeichert in:
Bibliographische Detailangaben
Hauptverfasser: Erat, Bruno (Verfasst von), Vulston, Džordž (Verfasst von)
Format: Buch
Sprache:Russisch
Veröffentlicht: Moskva : Strojizdat, 1987
Tags: Tag hinzufügen
Keine Tags, Fügen Sie das erste Tag hinzu!

MARC

LEADER 00000nam a22000003a 4500
001 stu28920
005 20150617225738.4
008 950522s1987----xxr-----------------rus-d
040 |a STU  |b slo 
041 0 |a rus 
044 |a xxr 
080 |a 728.98  |7 stu_us_auth*stu3633 
100 1 |a Erat, Bruno  |4 aut 
245 1 |a Individuaľnyje teplici v sovremennom žilišče /  |c [aut]Erat,Bruno;Vulston,Džordž 
260 |a Moskva :  |b Strojizdat,  |c 1987 
300 |a 143 s 
500 |a prel. z fínštiny 
700 1 |a Vulston, Džordž  |4 aut 
996 |c V*36570/O-15285  |l VV18  |s P  |a 0  |w stu28920_0001